00562nam a2200157Ia 4500001001000000003000500010008004100015010001100056040000900067110003700076245007500113250000600188260003500194300001000229650016500239Para_2529CHAP220125s1980 xx 000 0 und d a201044 cCHAP aCiba Geigy. Agricultural Dvision aProtección de las plantas /c por Ciba Geigy. Agricultural Division a3 aBasilea, Suiza :b Ciba Geigy a65 p. aPlantas x Resistencia plagas Plantas x Resistencia a enfermedades Insecticidas x Efecto en plantas Pesticidas x Efecto en plantas Herbicidas Fungicidas